<?xml version="1.0" encoding="UTF-8"?>
<record
    xmlns:xsi="http://www.w3.org/2001/XMLSchema-instance"
    xsi:schemaLocation="http://www.loc.gov/MARC21/slim http://www.loc.gov/standards/marcxml/schema/MARC21slim.xsd"
    xmlns="http://www.loc.gov/MARC21/slim">

  <leader>01403nam a2200241Ia 4500</leader>
  <datafield tag="952" ind1=" " ind2=" ">
    <subfield code="0">0</subfield>
    <subfield code="1">0</subfield>
    <subfield code="4">0</subfield>
    <subfield code="7">0</subfield>
    <subfield code="a">11</subfield>
    <subfield code="b">11</subfield>
    <subfield code="d">2019-06-06</subfield>
    <subfield code="l">1</subfield>
    <subfield code="o">BC75  S3418</subfield>
    <subfield code="p">11 013997</subfield>
    <subfield code="r">2023-01-30</subfield>
    <subfield code="s">2023-01-25</subfield>
    <subfield code="t">1</subfield>
    <subfield code="w">2019-06-06</subfield>
    <subfield code="y">LB</subfield>
  </datafield>
  <datafield tag="952" ind1=" " ind2=" ">
    <subfield code="0">0</subfield>
    <subfield code="1">0</subfield>
    <subfield code="2">lcc</subfield>
    <subfield code="4">0</subfield>
    <subfield code="7">0</subfield>
    <subfield code="a">01</subfield>
    <subfield code="b">01</subfield>
    <subfield code="d">2022-09-22</subfield>
    <subfield code="l">1</subfield>
    <subfield code="o">BC75  S3418</subfield>
    <subfield code="p">16 001896</subfield>
    <subfield code="r">2025-03-11</subfield>
    <subfield code="s">2023-05-22</subfield>
    <subfield code="t">1</subfield>
    <subfield code="w">2022-09-22</subfield>
    <subfield code="y">LB</subfield>
  </datafield>
  <datafield tag="952" ind1=" " ind2=" ">
    <subfield code="0">0</subfield>
    <subfield code="1">0</subfield>
    <subfield code="2">lcc</subfield>
    <subfield code="4">0</subfield>
    <subfield code="7">0</subfield>
    <subfield code="a">01</subfield>
    <subfield code="b">01</subfield>
    <subfield code="d">2022-09-22</subfield>
    <subfield code="l">0</subfield>
    <subfield code="o">BC75  S3418</subfield>
    <subfield code="p">16 001897</subfield>
    <subfield code="r">2023-07-12</subfield>
    <subfield code="t">2</subfield>
    <subfield code="w">2022-09-22</subfield>
    <subfield code="y">LB</subfield>
  </datafield>
  <datafield tag="999" ind1=" " ind2=" ">
    <subfield code="c">70100</subfield>
    <subfield code="d">70100</subfield>
  </datafield>
  <controlfield tag="008">120626s2010    mx            000 0 spa d</controlfield>
  <datafield tag="020" ind1=" " ind2=" ">
    <subfield code="a">9788420674100</subfield>
  </datafield>
  <datafield tag="050" ind1=" " ind2=" ">
    <subfield code="a">BC75 </subfield>
    <subfield code="b">S3418 </subfield>
  </datafield>
  <datafield tag="100" ind1=" " ind2=" ">
    <subfield code="a">Schopenhauer, Arthur</subfield>
    <subfield code="d">1788 - 1860</subfield>
    <subfield code="e">autor</subfield>
  </datafield>
  <datafield tag="245" ind1=" " ind2=" ">
    <subfield code="a">El arte de tener la raz&#xF3;n</subfield>
    <subfield code="b">: Expuesto en 38 estratagemas</subfield>
    <subfield code="c">/ Arthur Schopenhauer; edici&#xF3;n, estudio y notas de Franco Volpi; traducci&#xF3;n de Jes&#xFA;s Albor&#xE9;s Rey</subfield>
  </datafield>
  <datafield tag="250" ind1=" " ind2=" ">
    <subfield code="a">2a. edici&#xF3;n</subfield>
  </datafield>
  <datafield tag="260" ind1=" " ind2=" ">
    <subfield code="a">Espa&#xF1;a</subfield>
    <subfield code="b">: Alianza editorial, el libro de bolsillo</subfield>
    <subfield code="c">, 2010</subfield>
  </datafield>
  <datafield tag="300" ind1=" " ind2=" ">
    <subfield code="a">129 p&#xE1;ginas</subfield>
  </datafield>
  <datafield tag="490" ind1=" " ind2=" ">
    <subfield code="a">Biblioteca del autor</subfield>
    <subfield code="v">: 2</subfield>
  </datafield>
  <datafield tag="500" ind1=" " ind2=" ">
    <subfield code="a">reimpresi&#xF3;n : 2018</subfield>
  </datafield>
  <datafield tag="500" ind1=" " ind2=" ">
    <subfield code="a">Incluye: Advertencia, </subfield>
  </datafield>
  <datafield tag="505" ind1=" " ind2=" ">
    <subfield code="a">I. El arte de tener la raz&#xF3;n  
II. La base de toda dial&#xE9;ctica
III. Anexo  
IV. Schopenhauer y la dial&#xE9;ctica, por Franco Volpi  
V. &#xBF;Qu&#xE9; es la dial&#xE9;ctica?  
VI. Las bodas de Mercurio y Filolog&#xED;a  
VII. La dial&#xE9;ctica en la antig&#xFC;edad  
VIII. La sof&#xED;stica  
IX. S&#xF3;crates  
X. Plat&#xF3;n  
XI. Arist&#xF3;teles  
XII. Despu&#xE9;s de Arist&#xF3;teles  
XIII. La dial&#xE9;ctica en la modernidad  
XIV. Kant   
XV. El lugar de una conclusi&#xF3;n: Schopenhauer versus Hegel   
XVI. Apuntes bibliogr&#xE1;ficos</subfield>
  </datafield>
  <datafield tag="519" ind1=" " ind2=" ">
    <subfield code="a">Plan UNAM / </subfield>
    <subfield code="b">Preparatoria / </subfield>
    <subfield code="c">L&#xF3;gica (1404) / </subfield>
    <subfield code="d">16 001896</subfield>
  </datafield>
  <datafield tag="650" ind1=" " ind2="0">
    <subfield code="a">L&#xD3;GICA</subfield>
  </datafield>
  <datafield tag="650" ind1=" " ind2="0">
    <subfield code="a">RAZONAMIENTO</subfield>
  </datafield>
  <datafield tag="942" ind1=" " ind2=" ">
    <subfield code="c">LB</subfield>
    <subfield code="2">lcc</subfield>
  </datafield>
</record>
